Word Addition Click Quiz #4 - Statistics

General Stats
  • This quiz has been taken 9,235 times
    9,102 since last reset
  • The average score is 15 of 20
Answer Stats
Hint Extra Hint Answer % Correct
PAT + TERN
94%
HOB + BIT
90%
CORKS + CREWS
87%
ARM + PIT
85%
SEMI + NARY
83%
CAM + PUS
83%
COMB + AT
82%
CASH + EW
82%
GAR + DENS
78%
PLACE + MAT
78%
KING + PIN
77%
GYP + SUM
76%
TACIT + URN
75%
MIST + RUST
72%
ZOO + LOGIC
69%
BROKE + RAGE
69%
MEN + SWEAR
69%
SO + YA
65%
DRAGS + TRIP
57%
DOGS + BODY
43%
No matching quizzes found
Score Distribution
Percent of People with Each Score
Percentile by Number Answered
Your Score History
You have not taken this quiz since the last reset